Adversaires Europeens du LOSC 2011-2020 - Statistiques

Statistiques générales
  • Ce quiz a été pris 33 fois
    27 depuis la dernière actualisation
  • Le résultat moyen est 4 sur 23
Answers on the Grid
Answers color-coded by a green-red scale on the quiz's grid according to % correct below.
RB Salzburg
RB Leipzig
Bayern Munich
FC Porto
Everton
Videoton FC
Ajax Amsterdam
Feyenoord Rotterdam
Arsenal
Wolfbourg
Qabala
FC Zurich
Chelsea
Qarabag
Liverpool
Vaslui
Levski Sofia
Slovia Sofia
Reykjavik
Copenhague
AC Milan
Inter Milan
Spartak Moscou
Lokomotiv Moscou
CSKA Moscou
Sportiv Moscou
Valence
PSV
Sporting Portugal
Bale
Sparta Prague
Arsenal
Grasshopper Zurich
Astra Giurgiu
Celtic Glasgow
Krasnodar
Bate Borisov
Genk
Trabzonspor
Celtic FC
Braga
Twente
La Gantoise
RSC Anderlecht
 
Statistiques - réponses
Réponse % Correct
Bayern Munich
59%
FC Porto
59%
AC Milan
35%
Ajax Amsterdam
35%
Chelsea
29%
Everton
24%
Wolfbourg
24%
Bate Borisov
18%
Valence
18%
CSKA Moscou
12%
Qabala
12%
Copenhague
6%
Grasshopper Zurich
6%
La Gantoise
6%
PSV
6%
Sporting Portugal
6%
Trabzonspor
6%
Celtic FC
0%
Inter Milan
0%
Krasnodar
0%
Levski Sofia
0%
Sparta Prague
0%
Vaslui
0%
Aucun quiz correspondant
Distribution des résultats
% des personnes avec chaque résultat
Percentile par nombre de réponses
Votre historique - résultats
Vous n’avez pas pris ce quiz depuis la dernière actualisation